La personne incarnée: études sur la phénoménologie et la philosophie existentialiste

Guardat en:
Dades bibliogràfiques
Autor principal: Brunner, Auguste (Autor)
Format: Llibre
Idioma:francès
Publicat: París Beauchesne et Ses Fils 1947
Col·lecció:Bibliotèque des Archives de Philosophie
Matèries:
Etiquetes: Afegir etiqueta
Sense etiquetes, Sigues el primer a etiquetar aquest registre!

MARC

LEADER 00000nam a2200000 a 4500
001 UCZ5192
003 CL-VaPUC
008 951117e19470000FR |||||||||||||||||fre|d
082 0 4 |a 142.7  |b BRU  |2 21 
100 |a Brunner, Auguste  |e author  |9 349152 
245 1 3 |a La personne incarnée: études sur la phénoménologie et la philosophie existentialiste 
300 |a 299 p 
942 |c BK 
945 |d 19951117 00:00:00  |a cmena 
260 |a París  |b Beauchesne et Ses Fils  |c 1947 
650 0 |a Fenomenología  |9 256519 
650 0 |a Existencialismo  |9 265698 
650 0 |a Escuelas filosóficas   |9 266232 
650 0 |a Naturaleza humana   |9 308593 
650 7 |a HOMBRE  |2 CL-VaPUC  |9 262149 
650 0 |a Idealismo  |9 265685 
650 0 |a Teoría del conocimiento   |9 255038 
650 0 |a Voluntad  |9 307812 
583 |a last modification  |c 19951117 00:00:00  |k Rodrigo Vera 
490 0 |a Bibliotèque des Archives de Philosophie 
999 |c 241514  |d 241512 
952 |0 0  |1 0  |4 0  |6 142_700000000000000_BRU_1947  |7 0  |8 P  |9 253849  |a BIBEDU  |b BIBEDU  |c BIBEDU_PB  |d 2019-11-19  |i 1572598  |o 142.7 BRU 1947  |p 1572598  |r 2024-01-25  |w 2019-11-19  |y BK  |k FIL